000 01040nam a22002897a 4500
001 BR7100640
003 BR-BrBNA
005 20230928083708.0
007 ta
008 230509b bl.||||| |||| 00| 0 por d
040 _aBR-BrBNA
_bpor
_cBiblioteca Nacional de Agricultura
041 _a(Por)
072 _aE10
_b/G514
090 _ E10 BR7100640
110 1 _aInstituto Nacional de Colonizacao e Reforma Agraria, Porto Alegre, RS (Brasil). Coordenadoria Regional do Rio Grande do Sul
_96442
245 1 _aLevantamento de recursos naturais, socio-economicos e institucionais do estado do Rio Grande do Sul. Descricao dos recursos naturais das regioes de programacao. 1 [Brasil]
_bAcordo: INCRA-IICA-Governo do estado/versao preliminar
260 3 _aPorto Alegre, RS (Brasil):
_c1971.
300 _a150 p.
500 _a33 tables
650 _aMacroeconomia
650 _aTerra
650 _aUso da terra
650 _aEstrutura agraria
650 _aRio Grande do Sul
909 _a202309
_bLucia
_c55
_dLucia Elande
942 _cBK
999 _c14823
_d14823